|
|
|
|
| LEADER |
00915nam a2200241 c 4500 |
| 003 |
GR-PaULI |
| 005 |
20240716082351.0 |
| 008 |
010104s2001 enk g 000 0deng d |
| 020 |
|
|
|a 034911448X
|
| 020 |
|
|
|a 9780349114484
|
| 040 |
|
|
|a GR-PaULI
|b gre
|c GR-PaULI
|d GR-AiPI
|e AACR2
|
| 082 |
|
|
|a 910.4
|2 23
|
| 100 |
1 |
|
|a Biddlecombe, Peter
|9 204243
|e συγγραφέας
|
| 245 |
1 |
0 |
|a Never feel a stranger /
|c Peter Biddlecombe.
|
| 260 |
|
|
|a London :
|b Abacus,
|c c2001.
|
| 300 |
|
|
|a 442 σ. ;
|c 20 εκ.
|
| 600 |
1 |
4 |
|9 204845
|a Biddlecombe, Peter
|x Ταξίδια.
|
| 650 |
|
4 |
|a Ταξίδια και περιηγήσεις
|9 7115
|
| 650 |
|
4 |
|a Τουρισμός
|9 3254
|
| 942 |
|
|
|2 ddc
|c BK
|
| 952 |
|
|
|0 0
|1 0
|2 ddc
|4 0
|6 910_400000000000000_BID
|7 0
|9 382029
|a LISP
|b LISP
|c BSC
|d 2024-07-16
|i 367042
|l 0
|o 910.4 BID
|p 025000311980
|r 2024-07-16 00:00:00
|t 1
|w 2024-07-16
|y BK15
|
| 998 |
|
|
|c ΛΟΥΚΟΠΟΥΛΟΥ
|d 2024-06
|
| 999 |
|
|
|c 221526
|d 221526
|